Statistiques concernant Trouver la chanson

Cliquez ici pour prendre le quiz!

Statistiques générales

  • Ce quiz a été pris 56 fois
  • Le résultat moyen est 63 sur 266

Statistiques - réponses

paroles% Correct
je
91%
à
85%
m'a
83%
la
81%
me
77%
de
68%
les
68%
elle
66%
ai
62%
que
60%
sa
60%
dit
55%
en
55%
et
55%
est
49%
un
49%
dans
47%
mais
47%
qui
47%
y
45%
c'est
43%
une
43%
lui
38%
peau
38%
jour
34%
qu'a
34%
quand
32%
ses
32%
sur
32%
du
30%
tout
30%
avec
28%
pu
26%
j'ai
23%
qu'elle
23%
jamais
21%
l'ai
21%
petit
19%
d'ou
17%
etre
17%
n'est
15%
près
15%
tant
15%
fois
13%
aussi
9%
bouquet
9%
chaque
9%
colline
9%
d'aller
9%
demandé
9%
là-haut
9%
l'attendre
9%
sifflé
9%
siffler
9%
venue
9%
attendu
6%
d'églantines
6%
fleurs
6%
m'as
6%
oh
6%
rend
6%
voudrais
6%
vue
6%
Zai
6%
blanches
4%
brebis
4%
cueilli
4%
d'un
4%
foire
4%
jolies
4%
lauriers
4%
montrant
4%
mordre
4%
qu'avec
4%
rouler
4%
soupiré
4%
village
4%
bergeres
2%
dedans
2%
dents
2%
d'rouler
2%
fraiche
2%
gardait
2%
passée
2%
pomme
2%
pommier
2%
rosée
2%
suspendue
2%
venait
2%
vienne
2%
woho
0%

Distribution des résultats

Percentile par nombre de réponses

% des personnes avec chaque résultat

Votre développement - résultats

Vous n’avez pas pris ce quiz